Demóstenes : biografía y discursos : tomo II /
Αποθηκεύτηκε σε:
| Κύριος συγγραφέας: | |
|---|---|
| Άλλοι συγγραφείς: | |
| Μορφή: | Βιβλίο |
| Γλώσσα: | Ισπανικά |
| Έκδοση: |
México :
Jus,
1961, c1961
|
| Ετικέτες: |
Δεν υπάρχουν, Καταχωρήστε ετικέτα πρώτοι!
|
MARC
| LEADER | 00000nam^a2200000^a^4500 | ||
|---|---|---|---|
| 001 | 000572134 | ||
| 005 | 20250521000000.0 | ||
| 009 | 20260310132303.365 | ||
| 037 | |a Acervo ITESO - Biblioteca | ||
| 041 | |a ESP | ||
| 091 | |a FGM. 04541 | ||
| 100 | |a Demóstenes |e (autor) | ||
| 245 | 1 | 0 | |a Demóstenes : |b biografía y discursos : tomo II / |
| 264 | 4 | |a México : |b Jus, |c 1961, c1961 | |
| 300 | |a 690 p. | ||
| 336 | |a texto |b txt |2 rdacontenido | ||
| 337 | |a sin mediación |b n |2 rdamedio | ||
| 338 | |a volumen |b nc |2 rdasoporte | ||
| 649 | |a XX | ||
| 700 | |a Ramírez Torres, Rafael |e (compilación y semblanza) | ||
| 910 | |a Fondo Efraín González Morfín | ||
| 920 | |a Impresos - Libros | ||
| 930 | |a Fondos Especiales | ||
| 940 | |a Literatura | ||
| 905 | |a 130 | ||
| 901 | |a 0500392143 |b IT2 |c ESL |i D91870 |u 20250521 | ||
| 902 | |a https://opac.biblio.iteso.mx/vufind/Record/000572134 | ||